Law of torts: With law of statutory compensation and consumer protection (Record no. 25733)
[ view plain ]
| 000 -LEADER | |
|---|---|
| fixed length control field | 00531nam a2200181Ia 4500 |
| 008 - FIXED-LENGTH DATA ELEMENTS--GENERAL INFORMATION | |
| fixed length control field | 230917s9999||||xx |||||||||||||| ||und|| |
| 020 ## - ISBN | |
| Price | RS445 |
| 040 ## - CATALOGING SOURCE | |
| -- | 245439 |
| Original cataloging agency | VIVEKANANDA LIBRARY |
| 041 ## - Language | |
| -- | English |
| 082 ## - DDC NUMBER | |
| Classification number | 346.03 P645L(9) |
| 100 ## - MAIN ENTRY--PERSONAL NAME | |
| Personal name | Pillai, P S Atchuthen |
| 245 #0 - TITLE STATEMENT | |
| Title | Law of torts: With law of statutory compensation and consumer protection |
| 250 ## - EDITION STATEMENT | |
| Edition statement | 9th ed. |
| 260 ## - PUBLICATION, DISTRIBUTION, ETC. (IMPRINT) | |
| Place of publication, distribution, etc | Lucknow |
| Name of publisher, distributor, etc | Eastern Book Company |
| Date of publication, distribution, etc | 2017 |
| 300 ## - PHYSICAL DESCRIPTION | |
| Pages | lii, 703 p. |
| 500 ## - GENERAL NOTE | |
| General note | 3026 25/01/2018 HBD18/7301 28/02/2018 Main Budget |
| 942 ## - ADDED ENTRY ELEMENTS (KOHA) | |
| Koha item type | Books |
| Withdrawn status | Lost status | Damaged status | Not for loan | Location (home branch) | Sublocation or collection (holding branch) | Date acquired | Koha issues (times borrowed) | Koha full call number | Accession No. | Koha date last seen | Koha item type |
|---|---|---|---|---|---|---|---|---|---|---|---|
| VIVEKANANDA LIBRARY | VIVEKANANDA LIBRARY | 19/03/2018 | 346.03 P645L(9) | 372381 | 17/09/2023 | Books | |||||
| VIVEKANANDA LIBRARY | VIVEKANANDA LIBRARY | 19/03/2018 | 346.03 P645L(9) | 372382 | 17/09/2023 | Books | |||||
| VIVEKANANDA LIBRARY | VIVEKANANDA LIBRARY | 19/03/2018 | 346.03 P645L(9) | 372383 | 17/09/2023 | Books | |||||
| VIVEKANANDA LIBRARY | VIVEKANANDA LIBRARY | 19/03/2018 | 346.03 P645L(9) | 372384 | 17/09/2023 | Books | |||||
| VIVEKANANDA LIBRARY | VIVEKANANDA LIBRARY | 19/03/2018 | 1 | 346.03 P645L(9) | 372385 | 11/12/2025 | Books | ||||
| VIVEKANANDA LIBRARY | VIVEKANANDA LIBRARY | 19/03/2018 | 2 | 346.03 P645L(9) | 372386 | 14/10/2024 | Books | ||||
| VIVEKANANDA LIBRARY | VIVEKANANDA LIBRARY | 19/03/2018 | 346.03 P645L(9) | 372387 | 17/09/2023 | Books | |||||
| VIVEKANANDA LIBRARY | VIVEKANANDA LIBRARY | 19/03/2018 | 1 | 346.03 P645L(9) | 372388 | 01/12/2023 | Books | ||||
| VIVEKANANDA LIBRARY | VIVEKANANDA LIBRARY | 19/03/2018 | 346.03 P645L(9) | 372389 | 17/09/2023 | Books | |||||
| VIVEKANANDA LIBRARY | VIVEKANANDA LIBRARY | 19/03/2018 | 1 | 346.03 P645L(9) | 372390 | 01/12/2023 | Books |
